00366nam a2200133 a 45000010010000000030011000100080041000210350026000620820014000881000021001022450044001232600047001676500018002140000-8780ELIB.Books110520 1961  a(ELIB.Books)0000-8926 a221 bEic aEichodt, Walther aTheology of the Old Testament ( Vol.2 ) bPhiladelphia: The Westminster Press c1961 aOld Testament